[Event "VII Pereyra Puebla Mem"]
[Site "Mendoza ARG"]
[Date "2008.12.06"]
[Round "3"]
[White "Van Riemsdijk,H"]
[Black "Herrera,Mart"]
[Result "1/2-1/2"]
[WhiteElo "2403"]
[BlackElo "2191"]

1.e4 c5 2.Nf3 Nc6 3.Nc3 Nf6 4.Bb5 Qc7 5.O-O a6 6.Bxc6 Qxc6 7.Re1 d6 8.d4 Bg4
9.d5 Qc7 10.h3 Bxf3 11.Qxf3 g6 12.e5 dxe5 13.d6 Qxd6 14.Qxb7 Rb8 15.Qf3 Bg7
16.Bg5 O-O 17.Rad1 Qe6 18.b3 c4 19.Na4 Rfc8 20.Be3 cxb3 21.cxb3 Rc2 22.Re2 e4
23.Qf4 Rcc8 24.Ba7 Rb5 25.Qe3 Rd5 26.Rxd5 Nxd5 27.Qxe4 Rc1+ 28.Kh2 Qd6+ 29.g3 h5
30.Bd4 f5 31.Qd3 Nb4 32.Qe3 Qc6 33.f3 Nd5 34.Qd2 h4 35.Bxg7 hxg3+ 36.Kxg3 f4+
37.Kh2 Kxg7 38.Qd4+ Kg8 39.Qe4 Ne3 40.Qxf4 Nf5 41.Rg2 Rc2 42.Qe4 Qd6+ 43.f4 Rxg2+
44.Kxg2 Qd2+ 45.Kf3 Qxa2 46.Nc5 Qh2 47.Qe6+ Kg7 48.Qe5+ Kh7 49.Ke4 Qxh3 50.Kd5 Qf3+
51.Qe4 Qd1+ 52.Qd3 Qh1+ 53.Qe4 Qd1+ 54.Qd3 Qh1+ 55.Qe4 Qd1+  1/2-1/2

[Event "TCh-BEL 2008-9"]
[Site "Belgium BEL"]
[Date "2008.12.07"]
[Round "5"]
[White "Marechal,A"]
[Black "Zamparo,S"]
[Result "1/2-1/2"]
[WhiteElo "2270"]
[BlackElo "2116"]

1.e4 c5 2.Nc3 Nc6 3.Bb5 g6 4.Bxc6 bxc6 5.d3 d5 6.Nge2 Bg7 7.O-O Nf6 8.Bg5 O-O
9.Qc1 dxe4 10.dxe4 Ba6 11.Re1 Re8 12.f3 Qa5 13.Rb1 Nd7 14.Bd2 Nf8 15.a3 Ne6
16.b4 cxb4 17.axb4 Qc7 18.Be3 Bc4 19.Qa3 a5 20.Red1 Be5 21.bxa5 Bxh2+ 22.Kf2 Bd6
23.Qa4 Bxe2 24.Nxe2 Qxa5 25.Qxc6 Rec8 26.Qd5 Rxc2 27.Qxa5 Rxa5 28.Ke1 Raa2
29.Rd2 f6 30.Rxc2 Rxc2 31.Kd1 Ra2 32.Bd2 Kf7 33.Nc3 Ra8 34.Nd5 Rb8 35.Ra1 Rb7
36.Bc3 Nf4 37.Nxf4 Bxf4 38.Ra2 h5 39.Ke2 h4 40.Be1 g5 41.Rc2 Kg6 42.Bf2 Kh5
43.Rc8 Rb2+ 44.Kf1 Bd6  1/2-1/2

[Event "1st Copa PDV Sur"]
[Site "Buenos Aires ARG"]
[Date "2008.12.07"]
[Round "7"]
[White "Tristan,L"]
[Black "Alonso,S"]
[Result "1-0"]
[WhiteElo "2393"]
[BlackElo "2446"]

1.e4 c5 2.Nc3 Nc6 3.Bb5 Nd4 4.Bc4 e6 5.Nge2 Nf6 6.O-O a6 7.d3 b5 8.Bb3 Nxb3
9.axb3 Bb7 10.Bg5 Be7 11.f4 h6 12.Bh4 d5 13.Bxf6 Bxf6 14.e5 d4 15.Ne4 Be7
16.Qe1 g6 17.Qf2 Rc8 18.Kh1 O-O 19.Qf3 Kg7 20.N2g3 c4 21.bxc4 bxc4 22.Qg4 Kh7
23.Rf2 cxd3 24.cxd3 Rh8 25.Raf1 h5 26.Nxh5 gxh5 27.Qxh5+ Kg7 28.Qg4+ Kf8
29.f5 Rh4 30.Qg3 exf5 31.Rxf5 Bd5 32.Nf6 Bxf6 33.exf6 Rh7 34.Rg5 Qxf6 35.Rg8+ Ke7
36.Qe1+ Kd7 37.Rxf6 Rxg8 38.Rf2 Rhg7 39.Qe5 Bxg2+ 40.Rxg2 Rxg2 41.Qxd4+ Kc6
42.Qe4+ Kc5 43.Qxg2 Rxg2 44.Kxg2 Kd4 45.h4  1-0

[Event "TCh-SLO"]
[Site "Murska Sobota SLO"]
[Date "2008.12.08"]
[Round "3"]
[White "Pavasovic,D"]
[Black "Skoberne,J"]
[Result "1/2-1/2"]
[WhiteElo "2597"]
[BlackElo "2501"]

1.e4 c5 2.Nf3 Nc6 3.Nc3 e5 4.Bc4 d6 5.d3 Be7 6.O-O Nf6 7.Ng5 O-O 8.f4 Bg4
9.Qe1 exf4 10.Bxf4 Nd4 11.Qd2 h6 12.Nf3 Nxf3+ 13.gxf3 Be6 14.Qg2 Kh7 15.Kh1 d5
16.Rg1 g5 17.exd5 Nxd5 18.Be5 Nxc3 19.Bxc3 Bf6 20.f4 Bxc3 21.bxc3 Bxc4 22.dxc4 g4
23.Qxg4 Qf6 24.Qf3 Rae8 25.Rae1 b6 26.h3 Kh8 27.Re3 Rxe3 28.Qxe3 Qc6+ 29.Kh2 Re8
30.Qg3 Re2+ 31.Rg2 Rxg2+ 32.Qxg2 Qd6 33.Qe4 Kg7 34.Kg3 Qg6+ 35.Kf3 Qh5+ 36.Kg3 Qg6+
37.Kf3 Qh5+  1/2-1/2

[Event "68th ch-ITA"]
[Site "Martina Franca ITA"]
[Date "2008.12.09"]
[Round "7"]
[White "Dvirnyy,D"]
[Black "Piscopo,P"]
[Result "0-1"]
[WhiteElo "2458"]
[BlackElo "2380"]

1.e4 c5 2.Nf3 Nc6 3.Nc3 Nf6 4.Bb5 Qc7 5.O-O Nd4 6.Re1 Ng4 7.g3 Nxf3+ 8.Qxf3 Ne5
9.Qd1 e6 10.f4 Nc6 11.Bxc6 Qxc6 12.d3 b6 13.f5 Bb7 14.Bg5 Bd6 15.Nd5 Be5
16.Bf4 Qd6 17.Qd2 Bxd5 18.Bxe5 Qxe5 19.exd5 Qxd5 20.Qf4 O-O-O 21.Re5 Qd4+
22.Qxd4 cxd4 23.Re4 exf5 24.Rxd4 Rhe8 25.Kf2 Re6 26.Rf1 d5 27.Kg2 g6 28.a4 Rd7
29.Kf3 Kc7 30.h4 Kc6 31.Rc1 Rde7 32.c4 dxc4 33.Rcxc4+ Kb7 34.Rd8 h6 35.b4 g5
36.b5 Re3+ 37.Kf2 Re2+ 38.Kf1 Re1+ 39.Kf2 R7e2+  0-1

[Event "III Open"]
[Site "Palma de Mallorca ESP"]
[Date "2008.12.10"]
[Round "5"]
[White "Valmana Canto,J"]
[Black "Henrichs,W"]
[Result "1-0"]
[WhiteElo "2343"]
[BlackElo "2064"]

1.e4 c5 2.Nc3 Nc6 3.Bb5 Nd4 4.Bc4 d6 5.Nge2 e5 6.d3 Nf6 7.O-O Be6 8.Ng3 Be7
9.a4 d5 10.exd5 Nxd5 11.Nxd5 Bxd5 12.c3 Bxc4 13.dxc4 Nc6 14.Qg4 g6 15.Bh6 f5
16.Nxf5 gxf5 17.Qh5+ Kd7 18.Rad1+ Bd6 19.Rd5 Ne7 20.Rxd6+ Kxd6 21.Rd1+ Ke6
22.Rxd8 Raxd8 23.g3 Ng6 24.Bg7 Rhe8 25.Qxh7 Nf4 26.gxf4 exf4 27.Qg6+  1-0

[Event "TCh-SLO"]
[Site "Murska Sobota SLO"]
[Date "2008.12.11"]
[Round "6"]
[White "Krivec,J"]
[Black "Polajzer,D"]
[Result "1/2-1/2"]
[WhiteElo "2345"]
[BlackElo "2360"]

1.e4 c5 2.Nc3 Nc6 3.Bb5 Nd4 4.Bc4 g6 5.Nf3 Bg7 6.Nxd4 cxd4 7.Qf3 Nf6 8.Ne2 e5
9.d3 d6 10.h3 Be6 11.Bxe6 fxe6  1/2-1/2

[Event "ch-RUS w Superfinal"]
[Site "Moscow RUS"]
[Date "2008.12.12"]
[Round "7"]
[White "Stepovaia,T"]
[Black "Ovod,E"]
[Result "0-1"]
[WhiteElo "2386"]
[BlackElo "2429"]

1.e4 c5 2.Nc3 Nc6 3.Nge2 e6 4.g3 Nge7 5.Bg2 Nd4 6.O-O Nec6 7.d3 Be7 8.Nxd4 cxd4
9.Ne2 O-O 10.c3 dxc3 11.bxc3 b6 12.Be3 Bb7 13.f4 f5 14.Nd4 Nxd4 15.Bxd4 Qc7
16.Qb3 Bf6 17.Rac1 g6 18.Qb4 Rac8 19.Rf2 Rf7 20.Bxf6 Rxf6 21.e5 Rf7 22.Bxb7 Qxb7
23.c4 Qc6 24.d4 Qe4 25.Qd2 b5 26.cxb5 Rxc1+ 27.Qxc1 Qxd4 28.Qd2 Qc5 29.Qd3 d5
30.exd6 Rd7 31.Kg2 Rxd6 32.Qb3 Kf7 33.Rc2 Qd4 34.a4 Qe4+ 35.Kh3 g5 36.Rc7+ Kg6
37.Qc3 g4+ 38.Kh4 Qd4 39.Qxd4 Rxd4 40.Rc2 Rxa4 41.Re2 Kf6 42.Rb2 Ra1 43.Kh5 Rd1
44.Kh6 Rd7 45.Rc2 Rb7 46.Rc5 Ke7 47.Re5 Kd6 48.Kg5 Ke7 49.Kh6 Rc7 50.Re2 Kf6
51.Ra2 Rb7 52.Ra6 Rd7 53.Ra2 Rc7 54.Ra6 Rc2 55.Kxh7 Rxh2+ 56.Kg8 Rd2 57.Rxa7 Rd8+
58.Kh7 Rb8 59.Ra5 Rb6 60.Kg8 Rb7 61.Ra3 Rxb5 62.Kh7 Rb7+ 63.Kg8 Rb6 64.Re3 Ra6
65.Kh7 Ra1 66.Kg8 Ra8+ 67.Kh7 Re8 68.Re5 Re7+ 69.Kg8 Rg7+ 70.Kf8 Rc7 71.Kg8 Rc8+
72.Kh7 Rc3  0-1

[Event "TCh-SLO"]
[Site "Murska Sobota SLO"]
[Date "2008.12.12"]
[Round "7"]
[White "Barle,J"]
[Black "Skoberne,J"]
[Result "1/2-1/2"]
[WhiteElo "2415"]
[BlackElo "2501"]

1.e4 c5 2.Ne2 Nc6 3.Nbc3 Nf6 4.g3 g6 5.Bg2 Bg7 6.O-O d6 7.d3 O-O 8.h3 Ne8
9.f4 f5 10.Be3 Nd4 11.Bf2 Nc7 12.exf5 gxf5 13.Nxd4 cxd4 14.Ne2 Ne6 15.Bd5 Kh8
16.Bxe6 Bxe6 17.Nxd4 Bd7 18.c3 e5 19.Ne2 Qf6 20.Qd2 Bc6 21.Be3 Rae8 22.Kh2 Qe6
23.Rf2 b5 24.d4 Be4 25.fxe5 dxe5 26.dxe5 Rd8 27.Bd4 Bxe5 28.Bxe5+ Qxe5 29.Nd4 b4
30.Rd1 bxc3 31.Qxc3 Rd5 32.Qe3 Rfd8 33.Rfd2 a6 34.Ne2 Rxd2 35.Rxd2 Re8 36.Qc3 Qxc3
37.Nxc3 Bc6 38.Kg1 Re6 39.Kf2 Rh6 40.h4 f4 41.gxf4 Rxh4 42.Kg3 Rh5 43.Rd6 Rc5
44.Kg4 Kg7 45.f5 a5 46.Kf4 h5 47.Kg5 Bf3 48.Rd7+ Kf8 49.Rd3 Bc6 50.Rd8+ Ke7
51.Rc8 Rxf5+ 52.Kxf5 Bd7+ 53.Kg5 Bxc8 54.Kxh5 Kd6 55.Kg5 Be6 56.Kf6 Bg8 57.Kf5 Kc5
58.Ke4 Kb4 59.Kd3 Bxa2 60.Kd4  1/2-1/2

[Event "TCh-SLO"]
[Site "Murska Sobota SLO"]
[Date "2008.12.12"]
[Round "7"]
[White "Stajner,S"]
[Black "Povse,M"]
[Result "1-0"]
[WhiteElo "2274"]
[BlackElo "2139"]

1.e4 c5 2.Nf3 Nc6 3.Nc3 g6 4.g3 Bg7 5.Bg2 e6 6.O-O Nge7 7.d3 d6 8.Bg5 h6
9.Be3 Nd4 10.Qd2 Nec6 11.Ne1 Rb8 12.Nd1 e5 13.f4 Ne7 14.fxe5 dxe5 15.c3 Ndc6
16.Bxc5 O-O 17.Nf3 Re8 18.Be3 Kh7 19.Nf2 b5 20.Rad1 Be6 21.b3 b4 22.cxb4 Rxb4
23.Bxa7 Qa5 24.Be3 Ra8 25.Ra1 Rb5 26.Bh3 f5 27.Rfc1 Bf7 28.Qd1 Qa6 29.Bf1 Nd4
30.Rc7 Bxb3 31.axb3 Qxa1 32.Bxd4 exd4 33.Rxe7 Qc3 34.exf5 Rxf5 35.Nh4 Ra1
36.Qg4 Rf6 37.Qd7 Rxf1+ 38.Kxf1 Qxd3+ 39.Kg1 Rxf2 40.Rxg7+ Kh8  1-0

[Event "XXI Carlos Torre"]
[Site "Merida MEX"]
[Date "2008.12.13"]
[Round "1"]
[White "Mitkov,N1"]
[Black "Garmendez Gonzalez,C"]
[Result "1-0"]
[WhiteElo "2556"]
[BlackElo "2189"]

1.e4 c5 2.Nc3 Nc6 3.Nf3 d6 4.d4 cxd4 5.Nxd4 Nf6 6.Bc4 e6 7.Be3 Be7 8.f4 O-O
9.Qf3 Nxd4 10.Bxd4 Qc7 11.Bd3 e5 12.Be3 Be6 13.f5 Bc4 14.Rd1 Bxd3 15.Rxd3 d5
16.exd5 e4 17.Nxe4 Qxc2 18.Nf2 Bb4+ 19.Kf1 Rfe8 20.a3 Bd6 21.g3 Be5 22.b3 Rac8
23.Kg2 Qb2 24.Rhd1 Qxa3 25.d6 Rc6 26.d7 Rd8 27.Bg5 Qb2 28.R1d2 Qa1 29.Re2 h6
30.Bxf6 Bxf6 31.Qd5 Rf8 32.Re8 Qa3 33.d8=Q Bxd8 34.Qxd8 Qc5 35.Rd7 Rf6 36.Rxf8+ Qxf8
37.Qxf8+ Kxf8 38.Rxb7 Rxf5 39.Rxa7 Rb5 40.Ra3 h5 41.Nd3  1-0

[Event "TCh-SLO"]
[Site "Murska Sobota SLO"]
[Date "2008.12.13"]
[Round "8"]
[White "Navinsek,T"]
[Black "Guid,M"]
[Result "1/2-1/2"]
[WhiteElo "2304"]
[BlackElo "2311"]

1.Nf3 c5 2.Nc3 Nc6 3.e4 Nf6 4.d4 cxd4 5.Nxd4 d6 6.Be2 e6 7.O-O Be7 8.Be3 O-O
9.f4 a6 10.a4 Qc7 11.Qe1 Re8 12.Rd1 Nxd4 13.Bxd4 e5 14.fxe5 dxe5 15.Qg3 Bc5
16.Bxc5 Qxc5+ 17.Kh1 Kh8 18.Rxf6 gxf6 19.Qh4 Be6 20.Qxf6+ Kg8 21.Qg5+ Kh8
22.Qf6+ Kg8 23.Qg5+ Kf8 24.Qh6+ Ke7 25.Qg5+ Kf8 26.Qh6+ Ke7 27.Qg5+ f6 28.Qg7+ Bf7
29.Bh5  1/2-1/2

[Event "TCh-NED 2008-9"]
[Site "Netherlands NED"]
[Date "2008.12.13"]
[Round "4"]
[White "Blokhuis,J"]
[Black "Mueller,Mic1"]
[Result "1/2-1/2"]
[WhiteElo "2355"]
[BlackElo "2226"]

1.e4 c5 2.Nc3 Nc6 3.Nge2 g6 4.g3 Bg7 5.Bg2 Nf6 6.d3 d6 7.h3 Bd7 8.Be3 h5
9.Qd2 a6 10.a4 Qc8 11.Nd1 Rb8 12.f4 b5 13.axb5 Rxb5 14.c3 e5 15.Nf2 Qb7 16.Nd1 O-O
17.O-O Rb8 18.f5 Na5 19.Nc1 c4 20.Bh6 Qb6+ 21.Kh1 Nh7 22.Bxg7 Kxg7 23.dxc4 Nxc4
24.Qd3 Nxb2 25.Nxb2 Rxb2 26.fxg6 fxg6 27.Rxa6 Qc7 28.Rxd6 Bc6 29.Rd1 R8b7
30.Qc4 Be8 31.Qe6 Qe7 32.Qc8 Bf7 33.Qd8 Qxd8 34.Rxd8 Rc2 35.Nd3 Re7 36.Rc1 Rxc1+
37.Nxc1 Rc7 38.Rd3 Bc4 39.Rd2 Nf6 40.Kg1 Bb5 41.Rb2 Ba6 42.Rb6 Rxc3 43.Rxa6 Rxc1+
44.Kf2 Rc2+ 45.Kf1 Rc4 46.Ra7+ Kh6 47.Re7 Nxe4 48.Bxe4 Rxe4 49.h4 Rg4 50.Kg2 e4
51.Kf2 g5 52.Re6+ Kg7 53.hxg5 Kf7 54.Rf6+ Ke7 55.Rg6 Kd7 56.Ke3 Ke7 57.Rh6 Rxg3+
58.Kxe4 Rxg5 59.Kf4 Rd5 60.Kg3  1/2-1/2

[Event "TCh-NED 2008-9"]
[Site "Netherlands NED"]
[Date "2008.12.13"]
[Round "4"]
[White "Berkvens,J"]
[Black "Kuipers,S"]
[Result "1-0"]
[WhiteElo "2431"]
[BlackElo "2321"]

1.e4 c5 2.Nc3 Nc6 3.Bb5 g6 4.Bxc6 dxc6 5.f4 Bg7 6.Nf3 Nf6 7.d3 O-O 8.O-O Re8
9.Qe1 b6 10.Kh1 Nd7 11.f5 e6 12.fxg6 fxg6 13.e5 Rf8 14.Bg5 Qc7 15.Qg3 Bxe5
16.Nxe5 Rxf1+ 17.Rxf1 Qxe5 18.Qf2 Qxg5 19.Qf7+ Kh8 20.Qe8+ Kg7 21.Ne4 Qh5
22.Nd6 Qe2 23.Qe7+ Kh6 24.Nf7+ Kg7 25.Ng5+ Kh6 26.Qxh7+ Kxg5 27.h4+ Kg4 28.Qxg6+ Kxh4
29.Rf4+ Qg4 30.Rxg4+  1-0

[Event "ch-RUS w Superfinal"]
[Site "Moscow RUS"]
[Date "2008.12.14"]
[Round "9"]
[White "Bodnaruk,A"]
[Black "Kosintseva,T"]
[Result "1/2-1/2"]
[WhiteElo "2381"]
[BlackElo "2513"]

1.e4 c5 2.Nf3 Nc6 3.Nc3 Nf6 4.Bb5 Qc7 5.O-O Nd4 6.Bc4 e6 7.d3 Ng4 8.g3 Nxf3+
9.Qxf3 Ne5 10.Qe2 Nxc4 11.dxc4 d6 12.Bf4 Qc6 13.Rfd1 Be7 14.Rd2 g5 15.Be3 h5
16.f3 a6 17.Rad1 b6 18.Re1 f6 19.a3 Bb7 20.Rb1 Kf7 21.Rf1 Rag8 22.Kf2 b5
23.cxb5 axb5 24.Qxb5 Qc8 25.Qe2 g4 26.Rg1 h4 27.Ke1 hxg3 28.hxg3 Ba6 29.Qf2 Qb8
30.Nd1 gxf3 31.Qxf3 Qb5 32.Rf2 Bb7 33.Kd2 Bc6 34.Kc1 Rb8 35.Bd2 Qc4 36.Nc3 Ke8
37.Qd3 Qd4 38.Rgf1 Kd7 39.Be3 Qxd3 40.cxd3 Rh3 41.Rg1 Rhh8 42.Kc2 Rbc8 43.Kb1 Rcg8
44.Kc2 Rc8 45.Kb1 Rcg8 46.Kc2 Rc8  1/2-1/2

[Event "XXI Carlos Torre"]
[Site "Merida MEX"]
[Date "2008.12.16"]
[Round "5"]
[White "Aguirre Manzo,L"]
[Black "Vigoa Apecheche,Yan"]
[Result "1/2-1/2"]
[WhiteElo "2140"]
[BlackElo "2257"]

1.e4 c5 2.Nf3 Nc6 3.Nc3 a6 4.d4 cxd4 5.Nxd4 e5 6.Nf5 d6 7.Ng3 Nf6 8.Be2 Be6
9.Bg5 Be7 10.O-O O-O 11.Kh1 Nd4 12.Bxf6 Bxf6 13.Nh5 Rc8 14.Bd3 Bh4 15.f4 exf4
16.Nxf4 Bf6 17.Qe1 Be5 18.Qf2 Qg5 19.Ncd5 Nc6 20.c3 Qh6 21.g3 g5 22.Nb6 gxf4
23.gxf4 Rcd8 24.fxe5 Nxe5 25.Be2 f5 26.Qf4 Qxf4 27.Rxf4 Ng6 28.exf5 Nxf4
29.fxe6 Rfe8 30.Bg4 Nxe6 31.Nd5 Kh8 32.Nf6 Rf8 33.Nxh7 Kxh7 34.Bxe6 Rf2 35.b4 Rd2
36.a4 Re8 37.Bg4 d5 38.h3 Re3 39.Rc1 b6 40.Bc8 a5 41.bxa5 bxa5 42.Bd7 Kh6
43.Kg1 Rdd3 44.c4 dxc4 45.Bb5 Rc3 46.Rxc3 Rxc3 47.Kf2 Ra3 48.Bxc4 Rxa4 49.Be6 Rd4
50.Ke3 Rd6 51.Bb3 Kg5 52.Ke4 Kh4 53.Ke5 Rd2 54.Ba4 Kxh3 55.Ke4 Kg3 56.Ke3 Rd6
57.Bc2 Re6+ 58.Kd2 Kf2 59.Kc3 Ke3 60.Bb3 Rc6+ 61.Kb2 Kd4 62.Ka3 Rc3 63.Ka4 Kc5
64.Bf7 Rc1 65.Kb3 Rb1+ 66.Ka3 Ra1+ 67.Kb2 Rf1 68.Be6 Kb4 69.Ka2 a4 70.Bd5 Rf4
71.Ka1 Rf1+ 72.Ka2 Rg1 73.Be6 Re1 74.Bf7 Rf1 75.Be6 Rf2+ 76.Ka1 Ka3 77.Kb1 Rf1+
78.Kc2 Rf6 79.Bd5 Rd6 80.Bf7 Rc6+ 81.Kb1 Rb6+ 82.Kc2 Rb2+ 83.Kc1 Rf2 84.Be6 Kb4
85.Kb1 Rf6 86.Bd5 Kc5 87.Bg8 a3 88.Ka2 Kb4 89.Bd5 Rf2+ 90.Ka1 Rd2 91.Be6 Rd6
92.Bf7 Rc6 93.Bd5 Rc1+ 94.Ka2 Kc3 95.Be6 Rc2+ 96.Ka1 Rb2 97.Bf7 Rb6 98.Ka2 Rb2+
99.Ka1 Kc2 100.Bg6+ Kc3 101.Bf7 a2 102.Bxa2 Rf2 103.Bg8 Rb2 104.Bf7 Rb7 105.Be6 Rb6
106.Bd5 Rd6 107.Bg8 Rg6 108.Bf7 Ra6+ 109.Kb1 Rb6+ 110.Ka1 Kc2 111.Ba2 Rb8
112.Bd5 Rb4 113.Ba2 Rb7 114.Bd5 Re7 115.Bg8 Rg7 116.Be6 Rg1+ 117.Ka2 Rg5
118.Bb3+ Kc1 119.Bc4 Ra5+ 120.Kb3 Kd2 121.Bf7 Ra7 122.Bd5 Kc1 123.Be4 Rg7
124.Bf5  1/2-1/2

[Event "XXI Carlos Torre"]
[Site "Merida MEX"]
[Date "2008.12.16"]
[Round "5"]
[White "Mitkov,N1"]
[Black "Alford Phillipe,J"]
[Result "1-0"]
[WhiteElo "2556"]
[BlackElo "2317"]

1.e4 c5 2.Nc3 Nc6 3.Nf3 g6 4.d4 cxd4 5.Nxd4 Bg7 6.Be3 Nf6 7.Bc4 d6 8.h3 O-O
9.Bb3 Bd7 10.O-O Rc8 11.Re1 Ne5 12.f4 Nc4 13.Bxc4 Rxc4 14.Qd3 Rc8 15.e5 Ne8
16.Bf2 dxe5 17.fxe5 Nc7 18.Bh4 Ne6 19.Rad1 Nxd4 20.Qxd4 Be6 21.Qb4 a5 22.Qxb7 Qc7
23.Qxc7 Rxc7 24.Re2 Rb8 25.Nd5 Bxd5 26.Rxd5 h6 27.b3 a4 28.Bg3 e6 29.Rd3 Rbc8
30.c4 Rb7 31.Red2 Bf8 32.Rf3 Rc5 33.Kf1 Bg7 34.Rd8+ Kh7 35.Re3 g5 36.Ke2 Kg6
37.Rd1 h5 38.Bh2 Kf5 39.Rf1+ Kg6 40.Kd2 Rc6 41.Kc3 f5 42.exf6 Bxf6+ 43.Be5 Bxe5+
44.Rxe5 axb3 45.axb3 Rcb6 46.Rb1 Kf6 47.Ra5 Rb4 48.c5 Rf4 49.c6 Rc7 50.Rc5 Rf2
51.Rb2 Rxb2 52.Kxb2 Ke7 53.Kc3 Kd6 54.Kc4 g4 55.hxg4 hxg4 56.g3 e5 57.Rd5+ Ke6
58.Kc5 e4 59.b4 Ra7 60.Rd6+ Ke5 61.Rd7 Ra3 62.Re7+ Kf5 63.c7 Rc3+ 64.Kb6  1-0

[Event "TCh-ISR 2008-9"]
[Site "Israel ISR"]
[Date "2008.12.19"]
[Round "3"]
[White "Bar,R"]
[Black "Rodshtein,M"]
[Result "1/2-1/2"]
[WhiteElo "2442"]
[BlackElo "2609"]

1.e4 c5 2.Nc3 Nc6 3.Bb5 Nd4 4.Ba4 g6 5.Nge2 Bg7 6.O-O Qa5 7.Bb3 e6 8.Nxd4 cxd4
9.Ne2 Ne7 10.d3 O-O 11.Bd2 Qb6 12.c3 Nc6 13.Rc1 dxc3 14.Bxc3 d6 15.Bxg7 Kxg7
16.Qd2 e5 17.Qe3 Be6 18.Qxb6 axb6 19.Bxe6 fxe6 20.a3 b5 21.Rc3 Ra4 22.Rb3 b4
23.Rc1 Rfa8 24.f4 exf4 25.Nxf4 Kf6 26.Ne2 bxa3 27.bxa3 Rxa3 28.Rxb7 Ra1 29.Rxa1 Rxa1+
30.Kf2 Ne5 31.Rb3 Rd1 32.d4 Nc6 33.d5 exd5 34.Rb6 Ne7 35.Rxd6+ Ke5 36.Rd7 Ke6  1/2-1/2

[Event "TCh-ISR 2008-9"]
[Site "Israel ISR"]
[Date "2008.12.19"]
[Round "3"]
[White "Gruenfeld,Y"]
[Black "Paz,May"]
[Result "1-0"]
[WhiteElo "2498"]
[BlackElo "2311"]

1.e4 c5 2.Nf3 Nc6 3.Nc3 Nf6 4.Bb5 a6 5.Bxc6 dxc6 6.e5 Nd5 7.Ne4 b6 8.O-O Bf5
9.Re1 e6 10.c4 Nc7 11.b3 Be7 12.Bb2 Bxe4 13.Rxe4 Qd3 14.Re3 Qf5 15.d4 O-O-O
16.Qe2 Rhe8 17.Rd1 Rd7 18.Red3 Red8 19.Ne1 a5 20.h3 cxd4 21.Bxd4 Kb7 22.Bc3 Rxd3
23.Nxd3 h5 24.g4 hxg4 25.hxg4 Qh7 26.Qf3 Rh8 27.Kf1 Qh2 28.Ke2 Rh3 29.Qe4 Bg5
30.Bd2 Bxd2 31.Rxd2 Qh1 32.Qxh1 Rxh1 33.Nf4 Ra1 34.Nh5 g6 35.Nf6 Kc8 36.Ne4 b5
37.Nd6+ Kb8 38.Nxf7 bxc4 39.bxc4 Na6 40.Nd8 Nc5 41.Nxc6+ Kc7 42.Nd4 a4 43.f3 Rc1
44.Rc2 Ra1 45.Ke3 g5 46.Nb5+ Kd7 47.Kd4 Na6 48.Rd2 Kc6 49.Nc3 Nc5 50.Ne4 Nxe4
51.Kxe4 Kc5 52.f4 gxf4 53.Kxf4 Kxc4 54.g5 Rg1 55.Rd6 Rg2 56.Rxe6 Rxa2 57.Ra6 Kd5
58.g6 Rf2+ 59.Kg5 Kxe5 60.Rxa4 Rg2+ 61.Kh6 Kf6 62.Rf4+ Ke7 63.g7 Rh2+ 64.Kg6 Rg2+
65.Kh7 Rh2+ 66.Kg8 Ra2 67.Rf7+ Ke6 68.Rb7 Rh2 69.Kf8 Rf2+ 70.Ke8 Rg2 71.Rb6+ Ke5
72.Kf7 Rf2+ 73.Kg6  1-0

[Event "TCh-ISR 2008-9"]
[Site "Israel ISR"]
[Date "2008.12.19"]
[Round "3"]
[White "Bitensky,I"]
[Black "Zaslavsky,M"]
[Result "1-0"]
[WhiteElo "2439"]
[BlackElo "2367"]

1.e4 c5 2.Nc3 Nc6 3.Nf3 e5 4.Bc4 Be7 5.d3 d6 6.Nd2 Bg5 7.h4 Bxd2+ 8.Bxd2 Nf6
9.Bg5 Be6 10.Nd5 Bxd5 11.exd5 Nb8 12.O-O O-O 13.f4 exf4 14.Bxf4 Qb6 15.h5 Qxb2
16.h6 Nbd7 17.Kh1 Rfe8 18.Bxd6 Ne5 19.Bxc5 Neg4 20.Qf3 Re5 21.Rae1 Rae8 22.Rxe5 Qxe5
23.Qf4 Qh5+ 24.Kg1 Nxd5 25.Qd6 Nc3 26.d4 gxh6 27.Rxf7 Ne2+ 28.Bxe2 Qxf7 29.Bxg4 b6
30.Bb4 Qxa2 31.d5 Qa1+ 32.Kh2 a5 33.Be6+ Kh8 34.Bd2 Qf6 35.Qf4 Qxf4+ 36.Bxf4 Kg7
37.d6 Kf6 38.d7 Rd8 39.Bc7 Kxe6 40.Bxd8 a4 41.Bxb6 Kxd7 42.Bd4 Ke6 43.c4 a3
44.Kg3  1-0

[Event "46th ch-IND National A"]
[Site "Mangalore IND"]
[Date "2008.12.19"]
[Round "3"]
[White "Shyam,SM"]
[Black "Konguvel,P"]
[Result "1/2-1/2"]
[WhiteElo "2402"]
[BlackElo "2463"]

1.e4 c5 2.Nc3 Nc6 3.Bb5 Nd4 4.Bc4 a6 5.Nge2 b5 6.Nxd4 cxd4 7.Bd5 Rb8 8.Ne2 Nf6
9.Nxd4 e6 10.Bb3 Nxe4 11.c3 Bb7 12.O-O Bd6 13.d3 Nf6 14.Qe2 O-O 15.h3 Nd5
16.Nf3 Qf6 17.d4 Nf4 18.Bxf4 Qxf4 19.Qe3 Bxf3 20.Qxf4 Bxf4 21.gxf3 d5 22.Rfe1 Rb6
23.a3 Rd8 24.Kf1 Kf8 25.Ke2 Ke7 26.Kd3 Kf6 27.Re2 Rc8 28.Rg1 g6 29.Rg4 Bd6
30.Rg1 Rbc6 31.Rc2 a5 32.a4 b4 33.c4 dxc4+ 34.Rxc4 Bf4 35.Rxc6 Rxc6 36.Bc4 Kf5
37.d5 Rc8 38.Re1 Rd8 39.Kd4 exd5 40.Bxd5 f6 41.Kc5 Bd6+  1/2-1/2

[Event "46th ch-IND National A"]
[Site "Mangalore IND"]
[Date "2008.12.20"]
[Round "4"]
[White "Neelotpal,D"]
[Black "Akshayraj,K"]
[Result "0-1"]
[WhiteElo "2477"]
[BlackElo "2400"]

1.e4 c5 2.Nf3 Nc6 3.Nc3 d6 4.d4 cxd4 5.Nxd4 Nf6 6.Bg5 e6 7.Qd2 a6 8.O-O-O Bd7
9.f4 b5 10.Bxf6 gxf6 11.Nxc6 Bxc6 12.Qe3 Qe7 13.Bd3 O-O-O 14.Kb1 Qb7 15.f5 Kb8
16.fxe6 fxe6 17.Ne2 Rg8 18.Nd4 Bd7 19.Qd2 Qb6 20.c3 Rg5 21.h4 Rg8 22.Bc2 Qc5
23.Bb3 Re8 24.Rhf1 Qe5 25.Qe3 Rg4 26.Bc2 Rc8 27.Rd2 Rc7 28.Rdf2 Bg7 29.Nf3 Qc5
30.Qd2 f5 31.Re2 a5 32.a3 b4 33.cxb4 axb4 34.axb4 Qb6 35.Rd1 d5 36.Nh2 Rxh4
37.g3 Rxe4 38.Bxe4 fxe4 39.Rc1 Bb5 40.Rxc7 Qxc7 41.Re3 Bh6 42.Ng4 Bd3+ 43.Ka2 Qc4+
44.Ka3 Qa6+ 45.Kb3 Bc4+ 46.Kc2 Qa4+ 47.Kc1 Bb3 48.Qe2 Qa1+ 49.Kd2 Bc4 50.Qd1 Qxb2+
51.Ke1 Qxb4+ 52.Kf2 Qb2+ 53.Kg1 Bxe3+ 54.Nxe3 Bd3 55.Ng2 Qb1 56.Qxb1+ Bxb1
57.Nf4 Kc7 58.Nxe6+ Kd6 59.Ng5 e3  0-1

[Event "XXI Carlos Torre"]
[Site "Merida MEX"]
[Date "2008.12.20"]
[Round "9"]
[White "Mitkov,N1"]
[Black "Ibarra Chami,L"]
[Result "1-0"]
[WhiteElo "2556"]
[BlackElo "2389"]

1.e4 c5 2.Nc3 Nc6 3.Nf3 Nf6 4.Bb5 Qc7 5.O-O Nd4 6.d3 a6 7.Bc4 b5 8.Bb3 e6
9.Nxd4 cxd4 10.Ne2 Qc5 11.c3 dxc3 12.Nxc3 d6 13.Be3 Qc7 14.Rc1 Qb7 15.d4 Nxe4
16.Nxe4 Qxe4 17.d5 Be7 18.Rc7 Bd8 19.Qc1 Bxc7 20.Qc6+ Bd7 21.Qxa8+ Bd8 22.Qxa6 Qb4
23.dxe6 fxe6 24.Rd1 d5 25.Qb7 Qd6 26.Rc1 Rf8 27.Bc5 Qf4 28.Re1 Rf5 29.g3 Qc7
30.Qxc7 Bxc7 31.f4 g6 32.Bc2 Rf7 33.h4 Kd8 34.Bd3 Kc8 35.Kg2 Kb7 36.Bd4 Bb6
37.Bxb6 Kxb6 38.Kf3 Kc5 39.Ke3 Rf8 40.Rc1+ Kd6 41.a3 Rb8 42.Kd4 Ra8 43.Re1 Rc8
44.Ra1 Ra8 45.Rc1 Rb8 46.Ra1 Be8 47.b3 Ra8 48.Bc2 Ra7 49.a4 bxa4 50.bxa4 h6
51.Rb1 Rc7 52.Rb6+ Ke7 53.Bb3 Bxa4 54.Ba2 Bd7 55.Bb1 Kf6 56.g4 Rc4+ 57.Ke3 g5
58.fxg5+ hxg5 59.h5 Rxg4 60.h6 Rh4 61.h7 Be8 62.Rb8 Kf7 63.Rb7+ Kf8 64.Rb8 Kf7
65.Rb7+ Kf8 66.Rb8 d4+ 67.Kf3 Kf7 68.Kg3 Ke7 69.Be4 Kf7 70.Rb7+ Kf6 71.Rb8 Kf7
72.Rd8 Ke7 73.Rb8 Kf7 74.Rd8 e5 75.Rb8 Ke7 76.Rb1 Kf6 77.Rb8 Kf7 78.Bf5 Ke7
79.Bd3 Rh1 80.Kg4 Bd7+ 81.Kxg5 Be8 82.Rb7+ Kf8 83.Rb8 Ke7 84.Be4 Rh2 85.Bf5 Rg2+
86.Kh4 Rh2+ 87.Bh3 Bd7 88.Rb3  1-0

[Event "8th Amplico AIG Life Rapid"]
[Site "Warsaw POL"]
[Date "2008.12.20"]
[Round "2"]
[White "Zilinskas,V"]
[Black "Zhigalko,A"]
[Result "0-1"]
[WhiteElo "2131"]
[BlackElo "2568"]

1.e4 c5 2.Nc3 Nc6 3.Bb5 Nd4 4.Bc4 e6 5.Nf3 Nf6 6.d3 d5 7.Bb3 Nxb3 8.axb3 Be7
9.O-O O-O 10.Re1 b6 11.Bf4 Bb7 12.Qe2 d4 13.Nb5 a6 14.Nc7 Rc8 15.Nxa6 Ne8
16.Qd2 Ra8 17.Nb8 Rxb8 18.Bxb8 Qxb8 19.Ra2 e5 20.Qe2 g6 21.h3 Ng7 22.g4 Ne6
23.Nd2 b5 24.Ra5 Bc6 25.Rea1 Bd8 26.Ra7 Bb6 27.R7a6 Nc7 28.R6a2 Bb7 29.Nf3 Ne6
30.Ne1 Nf4 31.Qf1 f5 32.f3 fxe4 33.dxe4 Qd8 34.Kh2 Qd7 35.Nd3 Ne6 36.Qe2 c4
37.Ne1 d3 38.Qd2 Nd4 39.bxc4 bxc4 40.Qb4 Qc6 41.cxd3 cxd3 42.Ra3 Nc2 43.Qb3+ Kg7
44.Nxc2 dxc2 45.Rc1 Rc8 46.Qc3 Bd4 47.Qb4 Bc5 48.Qc3 Bxa3 49.Qxe5+ Qf6 50.Qxf6+ Kxf6
51.bxa3 Ke5 52.Kg3 Kd4 53.h4 Ke3 54.e5 Bxf3 55.e6 Bd1 56.h5 g5  0-1

[Event "8th Amplico AIG Life Rapid"]
[Site "Warsaw POL"]
[Date "2008.12.20"]
[Round "2"]
[White "Stepien,Marc"]
[Black "Olszewski,Mi"]
[Result "0-1"]
[WhiteElo "2086"]
[BlackElo "2498"]

1.e4 c5 2.Nc3 Nc6 3.Bb5 Nd4 4.Bc4 g6 5.Nge2 Bg7 6.O-O d6 7.Nxd4 cxd4 8.Ne2 Nf6
9.d3 d5 10.Bb5+ Bd7 11.Nxd4 dxe4 12.dxe4 Nxe4 13.Re1 Nxf2 14.Kxf2 Bxb5 15.Be3 Bd7
16.c3 O-O 17.Qd2 e5 18.Nb3 b6 19.Qe2 Be6 20.Rad1 Qh4+  0-1

[Event "8th Amplico AIG Life Rapid"]
[Site "Warsaw POL"]
[Date "2008.12.20"]
[Round "3"]
[White "Fedorchuk,S"]
[Black "Nikolajev,D"]
[Result "1-0"]
[WhiteElo "2603"]
[BlackElo "2329"]

1.e4 c5 2.Nf3 Nc6 3.Nc3 e5 4.Bc4 d6 5.d3 Be7 6.O-O Nf6 7.h3 O-O 8.a3 h6 9.Bd2 Kh8
10.Rb1 Nh7 11.b4 f5 12.bxc5 dxc5 13.exf5 Bxf5 14.Re1 Bd6 15.Bd5 Nf6 16.Bxc6 bxc6
17.Nxe5 Qc7 18.Nc4 Nd5 19.Nxd6 Qxd6 20.Ne4 Qg6 21.Ng3 c4 22.dxc4 Bxc2 23.Qc1 Rxf2
24.Kxf2 Rf8+ 25.Kg1 Bxb1 26.cxd5 Qxg3 27.Qc5 Rb8 28.dxc6 Bg6 29.Bc3 Kg8 30.c7 Rc8
31.Re7 Bf7 32.Qf5 Qxc3 33.Qxc8+ Kh7 34.Qf5+ Bg6 35.c8=Q  1-0

[Event "8th Amplico AIG Life Rapid"]
[Site "Warsaw POL"]
[Date "2008.12.20"]
[Round "6"]
[White "Kolosowski,M"]
[Black "Saric,Iv"]
[Result "0-1"]
[WhiteElo "2249"]
[BlackElo "2516"]

1.e4 c5 2.Nc3 Nc6 3.Bb5 Nd4 4.Bc4 e6 5.Nge2 Nf6 6.O-O a6 7.a4 d5 8.exd5 exd5
9.Ba2 Ne6 10.d4 c4 11.b3 cxb3 12.Bxb3 Be7 13.f4 O-O 14.f5 Nc7 15.Bg5 Ng4
16.Bf4 Bd6 17.h3 Bxf4 18.Rxf4 Nf6 19.Qd3 Qd6 20.Raf1 b5 21.a5 Bd7 22.Qf3 Rae8
23.Ng3 b4 24.Na4 Bb5 25.Rf2 Re1+ 26.Kh2 Rfe8 27.Nc5 R8e3  0-1